Consideraciones generales sobre el salicilato de sosa y teobromina desde el punto de vista farmacéutico (Record no. 131608)

MARC details
000 -LEADER
campo de control de longitud fija 00856nam a2200205 i 4500
001 - NÚMERO DE CONTROL
campo de control 131608
003 - IDENTIFICADOR DE NÚMERO DE CONTROL
campo de control ES-MaACL
005 - FECHA Y HORA DE LA ÚLTIMA TRANSACCIÓN
campo de control 20230906194019.0
007 - CAMPO FIJO DE DESCRIPCIÓN FÍSICA--INFORMACIÓN GENERAL
campo de control de longitud fija t|
008 - DATOS DE LONGITUD FIJA--INFORMACIÓN GENERAL
campo de control de longitud fija 070214q1908 sp 00010 spa d
100 1# - ENTRADA PRINCIPAL--NOMBRE DE PERSONA
Nombre de persona Rodríguez González, José.
9 (RLIN) 98561
245 10 - MENCIÓN DEL TÍTULO
Título Consideraciones generales sobre el salicilato de sosa y teobromina desde el punto de vista farmacéutico
Resto del título : memoria presentada para aspirar al grado de doctor en farmacia /
Mención de responsabilidad, etc. por José Rodríguez González.
260 ## - PUBLICACIÓN, DISTRIBUCIÓN, ETC.
Lugar de publicación, distribución, etc. Madrid :
Nombre del editor, distribuidor, etc. [s. n.],
Fecha de publicación, distribución, etc. [1908?] (
Fabricante Imp. Viuda y Sobrino de J. Corrales)
300 ## - DESCRIPCIÓN FÍSICA
Extensión 20 p. ;
Dimensiones 22 cm.
502 ## - NOTA DE TESIS
Nota de tesis Tesis-Universidad Central (Madrid), Facultad de Farmacia, 1908.
650 #4 - PUNTO DE ACCESO ADICIONAL DE MATERIA--TÉRMINO DE MATERIA
Término de materia o nombre geográfico como elemento de entrada Salicilatos.
9 (RLIN) 170981
650 #4 - PUNTO DE ACCESO ADICIONAL DE MATERIA--TÉRMINO DE MATERIA
Término de materia o nombre geográfico como elemento de entrada Alcaloides.
9 (RLIN) 135546
710 2# - ENTRADA AGREGADA--NOMBRE DE ENTIDAD CORPORATIVA
Nombre de entidad corporativa o nombre de jurisdicción como elemento de entrada Universidad Central (Madrid).
Unidad subordinada Facultad de Farmacia.
9 (RLIN) 7091
852 ## - LOCALIZACIÓN
Ubicación ES-MaACL
Número de control de estantería T-1227-F-15
Holdings
Estatus retirado Estado de pérdida Estado de daño No para préstamo Colección Biblioteca de origen Biblioteca actual Ubicación en estantería Fecha de adquisición Fuente de adquisición Total de préstamos Signatura topográfica completa Código de barras Visto por última vez Precio de reemplazo Tipo de ítem Koha
        Colección de folletos Biblioteca del Ateneo de Madrid Biblioteca del Ateneo de Madrid Depósito folletos 17/01/2008     T-1227-F-15 1137010 23/02/2023 23/02/2023 Folleto